000 00717nam a2200229 i 4500
001 19076
003 ES-MaACL
005 20240209181029.0
007 t|
008 020531s1998 sp ||||1| spa d
020 _a84-7090-312-8
080 _a308-053.81
100 1 _aMartín Criado, Enrique.
_977442
245 1 0 _aProducir la juventud
_b: crítica de la sociología de la juventud /
_cEnrique Martín Criado.
260 _aMadrid :
_bIstmo,
_c[1998]
300 _a381 p. ;
_c18 cm.
490 1 _aFundamentos ;
_v134
650 4 _aJóvenes-
_xSituación social.
_913958
830 0 0 _aFundamentos (Ediciones Istmo)
_v134
_9121682
852 _aES-MaACL
_jL-25537
_bR.131119
999 _c19076
_d19076